| 000 | 00413nam a22001577a 4500 | ||
|---|---|---|---|
| 005 | 20241025144049.0 | ||
| 008 | 241025b |||||||| |||| 00| 0 eng d | ||
| 020 | _a9780414063969 | ||
| 050 |
_aKD1650.B4 BEN _b1 |
||
| 245 | _aBenjamin's Sale of Goods | ||
| 250 | _aTenth | ||
| 260 |
_aCroydon, London _bSweet & Maxwell _c2017 |
||
| 300 |
_acclxxxii, 2610 pages _bIndex _c24 cm |
||
| 650 | _2Law | ||
| 942 |
_2lcc _cBK _n0 |
||
| 999 |
_c200 _d200 |
||